<?xml version="1.0" encoding="UTF-8"?><?xml-stylesheet type="text/xsl" href="static/style.xsl"?><OAI-PMH xmlns="http://www.openarchives.org/OAI/2.0/" xmlns:xsi="http://www.w3.org/2001/XMLSchema-instance" xsi:schemaLocation="http://www.openarchives.org/OAI/2.0/ http://www.openarchives.org/OAI/2.0/OAI-PMH.xsd"><responseDate>2026-04-17T04:22:58Z</responseDate><request verb="GetRecord" identifier="oai:www.recercat.cat:2072/355961" metadataPrefix="marc">https://recercat.cat/oai/request</request><GetRecord><record><header><identifier>oai:recercat.cat:2072/355961</identifier><datestamp>2024-12-20T22:41:56Z</datestamp><setSpec>com_2072_300912</setSpec><setSpec>com_2072_4427</setSpec><setSpec>col_2072_301309</setSpec></header><metadata><record xmlns="http://www.loc.gov/MARC21/slim" xmlns:dcterms="http://purl.org/dc/terms/" xmlns:xsi="http://www.w3.org/2001/XMLSchema-instance" xmlns:doc="http://www.lyncode.com/xoai" xsi:schemaLocation="http://www.loc.gov/MARC21/slim http://www.loc.gov/standards/marcxml/schema/MARC21slim.xsd">
   <leader>00925njm 22002777a 4500</leader>
   <datafield ind2=" " ind1=" " tag="042">
      <subfield code="a">dc</subfield>
   </datafield>
   <datafield ind2=" " ind1=" " tag="720">
      <subfield code="a">Vidal-Ferran, Anton</subfield>
      <subfield code="e">author</subfield>
   </datafield>
   <datafield ind2=" " ind1=" " tag="720">
      <subfield code="a">Balakrishna, Bugga</subfield>
      <subfield code="e">author</subfield>
   </datafield>
   <datafield ind2=" " ind1=" " tag="720">
      <subfield code="a">Fernández-Pérez, Héctor</subfield>
      <subfield code="e">author</subfield>
   </datafield>
   <datafield ind2=" " ind1=" " tag="260">
      <subfield code="c">2019-02-05</subfield>
   </datafield>
   <datafield ind2=" " ind1=" " tag="520">
      <subfield code="a">A second generation of phosphine–phosphite (P–OP) ligands, incorporating a more sterically bulky phosphite group than previous P–OP ligand designs, gave very efficient catalysts for the Rh‐catalysed asymmetric hydrogenation of a diverse array of substrates (11 examples, 93–99 % ee) containing structurally diverse substituents and chelating groups at the C=C double bond. The presence of the sterically bulky (Sa)‐3,3′‐diphenyl‐5,5′,6,6′,7,7′,8,8′‐octahydro‐[1,1′‐binaphthalene]‐2,2′‐diol‐derived phosphite fragment caused significant increases in enantioselectivity (up to Δee = 58 %), and provided improved results compared to those obtained with the first generation of P–OP‐derived rhodium catalysts {i.e., rhodium complexes incorporating phosphine–phosphite ligands with (Ra)‐ and (Sa)‐BINOL‐derived phosphite groups; BINOL = [1,1′‐binaphthalene]‐2,2′‐diol}. Overall, the optimal ligand L8 provided very high enantioselectivities for a range of structurally diverse olefins (up to 99 % ee).</subfield>
   </datafield>
   <datafield ind1="8" ind2=" " tag="024">
      <subfield code="a">http://hdl.handle.net/2072/355961</subfield>
   </datafield>
   <datafield ind1="8" ind2=" " tag="024">
      <subfield code="a">https://doi.org/10.1002/ejoc.201701760</subfield>
   </datafield>
   <datafield ind2="0" ind1="0" tag="245">
      <subfield code="a">Structural Investigations on Enantiopure POP Ligands: a High- Performing POP Ligand for Rhodium-catalysed Hydrogenations</subfield>
   </datafield>
</record></metadata></record></GetRecord></OAI-PMH>